000 00733nam a2200229Ia 4500
001 16622
003 GE_BSU
008 181216s||||||||xx |||||||||||||| ||und||
040 _cGE_BSU
080 _a821.353.1-32
100 _aლორთქიფანიძე, გიორგი
245 _aუტა ბერმუხეთელი
245 _bრომანი
245 _cრედ.ლეილა ბეჟანიძე. მხ.რედ.ჯ.მიქელაძე
260 _aბათუმი
260 _bსაბჭ. აჭარა
260 _c1982
300 _a147გვ. ; 20სმ
653 _aრომანი
653 _aუტა ბერმუხეთელი
942 _cBK
999 _c49689
_d49689